Tres Reformadores

Αποθηκεύτηκε σε:
Λεπτομέρειες βιβλιογραφικής εγγραφής
Κύριος συγγραφέας: Maritain, Jacques (autor)
Μορφή: Βιβλίο
Γλώσσα:Ισπανικά
Έκδοση: Madrid Publicaciones Españolas 1948
Σειρά:Colección Sol y Luna
Θέματα:
Ετικέτες: Προσθήκη ετικέτας
Δεν υπάρχουν, Καταχωρήστε ετικέτα πρώτοι!

MARC

LEADER 00000nam a2200000 a 4500
001 UCW8580
003 CL-VaPUC
008 881006e19480000SP |||||||||||||||||spa|d
082 0 4 |a 194  |b MAR  |2 21 
100 |a Maritain, Jacques  |e autor  |9 255680 
245 1 0 |a Tres Reformadores 
300 |a 285 p 
942 |c BK 
945 |d 19881006 00:00:00 
260 |a Madrid  |b Publicaciones Españolas  |c 1948 
600 0 |a Descartes, René  |e autor  |9 265906 
600 0 |a Rousseau, Jean Jacques  |e autor  |9 255697 
600 0 |a Lutero, Martín  |d 1483-1546  |9 859309 
583 |a last modification  |c 19881006 00:00:00  |k Rodrigo Vera 
490 0 |a Colección Sol y Luna 
999 |c 220913  |d 220911 
952 |0 0  |1 0  |4 0  |6 194_000000000000000_MAR_1948  |7 0  |8 X  |9 213729  |a BIBHIS  |b BIBHIS  |d 2019-11-15  |i 2820331  |o 194 MAR 1948  |p 2820331  |r 2024-01-30  |w 2019-11-15  |y BK_X  |k HIS